Demi-finales de Top 14. (2010 - …) - Statistiques

Statistiques générales
  • Ce quiz a été pris 754 fois
    232 depuis la dernière actualisation
  • Le résultat moyen est 11 sur 12
Statistiques - réponses
Clubs % Correct
8 RC Toulon
100%
11 Stade toulousain
100%
5 Union-Bordeaux-Bègles
98%
5 Stade rochelais
98%
1 Aviron bayonnais
97%
2 Stade français Paris
97%
7 Racing 92
96%
5 Castres olympique
95%
8 ASM Clermont-Auvergne
95%
5 Montpellier HR
95%
2 Lyon OU
89%
1 USA Perpignan
88%
Aucun quiz correspondant
Distribution des résultats
% des personnes avec chaque résultat
Percentile par nombre de réponses
Votre historique - résultats
Vous n’avez pas pris ce quiz depuis la dernière actualisation